| 000 | 00597nam a2200205Ia 4500 | ||
|---|---|---|---|
| 005 | 20250508162336.0 | ||
| 008 | 008 250505s9999 xx 000 0 eng d | ||
| 037 | _aTextual | ||
| 040 |
_aFEDL _beng _cFEDL |
||
| 041 |
_aeng _2eng |
||
| 084 |
_a155.24, COU _qFEDL |
||
| 100 |
_aCoulter W. Alan Ed. _9772919 |
||
| 245 | 0 | _aAdaptive behavior: Concepts and measurements | |
| 260 |
_aNew York, USA _bGrune and Stratton _c1978 |
||
| 300 | _axv,266p | ||
| 650 | _aPersonality | ||
| 700 |
_a Morrow Henry W. Ed. _9772920 |
||
| 942 |
_cTEXL _h155.24, COU |
||
| 999 |
_c1375948 _d1375948 |
||